000 00709nam a2200289Ia 4500
005 20260324130433.0
008 008 260324s9999 xx 000 0 eng d
020 _a9780203946657
037 _aEBOOK
040 _aCRL
040 _beng
040 _cCRL
041 _2eng
041 _aeng
084 _qCRL
100 _aKaren Littleton; Neil Mercer
_91165531
245 0 _aDialogue and the Development of Children's Thinking
245 2 _bA Sociocultural Approach
260 _bTaylor and Francis
260 _c2007
365 _a
365 _b290
856 _uhttp://www.taylorfrancis.com/books/9780203946657
942 _cEBOOK
999 _c1777947
_d1777947